[Event "Mecklenburg VP-ch Seniors op 08th"]
[Site "Plau am See"]
[Date "2008.10.13"]
[Round "8"]
[White "Lotz, Robert"]
[Black "Helmsen, Franz"]
[Result "1-0"]
[WhiteElo "1733"]
[BlackElo "1831"]
[PlyCount "47"]
[EventDate "2008.10.06"]
[EventType "swiss"]
[EventRounds "9"]
[EventCountry "GER"]
[SourceTitle "EXT 2022"]
[Source "ChessBase"]
[SourceDate "2021.10.06"]
[SourceVersion "1"]
[SourceVersionDate "2021.10.06"]
[SourceQuality "1"]

1. e4 c5 2. Nf3 d6 3. d4 Nf6 4. Bb5+ Bd7 5. Bxd7+ Qxd7 6. dxc5 Nxe4 7. cxd6 Nxd6 8. 0-0 Nc6 9. Bf4 Rd8 10. Nc3 a6 11. Ne5 Nxe5 12. Bxe5 e6 13. h3 Nc4 14. Bg3 Qc6 15. Qe2 Nxb2 16. Ne4 Be7 17. Be5 0-0 18. Bxb2 f5 19. Ng3 Bf6 20. Bxf6 Rxf6 21. Rad1 Re8 22. f3 Rg6 23. Nh1 Qc7 24. Rd2 1-0

[Event "Niedersachsen-ch Seniors op 11th"]
[Site "Bad Bevensen"]
[Date "2008.07.16"]
[Round "9"]
[White "Helmsen, Franz"]
[Black "Hadlich, Winfried"]
[Result "1-0"]
[WhiteElo "1913"]
[BlackElo "1783"]
[PlyCount "72"]
[EventDate "2008.07.08"]
[EventType "swiss"]
[EventRounds "9"]
[EventCountry "GER"]
[SourceTitle "EXT 2022"]
[Source "ChessBase"]
[SourceDate "2021.10.06"]
[SourceVersion "1"]
[SourceVersionDate "2021.10.06"]
[SourceQuality "1"]

1. e4 c5 2. Nf3 d6 3. d4 cxd4 4. Nxd4 Nf6 5. Nc3 a6 6. Be3 e5 7. Nb3 b5 8. Nd5 Nbd7 9. f3 Bb7 10. c4 bxc4 11. Bxc4 Rc8 12. Rc1 Nxe4 13. fxe4 Qh4+ 14. Bf2 Qxe4+ 15. Ne3 Nb6 16. Bd3 Qb4+ 17. Qd2 Rxc1+ 18. Nxc1 d5 19. a3 Qxd2+ 20. Kxd2 d4 21. Nc4 Nxc4+ 22. Bxc4 Bxg2 23. Re1 f6 24. Bxa6 Bc5 25. Nd3 Ba7 26. Rg1 Bd5 27. Rxg7 Bf7 28. Bh4 e4 29. Bxf6 Rg8 30. Rxg8+ Bxg8 31. Ne5 Bd5 32. Bb5+ Kf8 33. Nc6 Bxc6 34. Bxc6 Kf7 35. Bh4 e3+ 36. Kd3 Ke6 1-0

[Event "Niedersachsen-ch Seniors op 11th"]
[Site "Bad Bevensen"]
[Date "2008.07.15"]
[Round "8"]
[White "Ljubarskij, Jurij"]
[Black "Helmsen, Franz"]
[Result "1-0"]
[WhiteElo "2215"]
[BlackElo "1913"]
[PlyCount "72"]
[EventDate "2008.07.08"]
[EventType "swiss"]
[EventRounds "9"]
[EventCountry "GER"]
[SourceTitle "EXT 2022"]
[Source "ChessBase"]
[SourceDate "2021.10.06"]
[SourceVersion "1"]
[SourceVersionDate "2021.10.06"]
[SourceQuality "1"]

1. e4 e5 2. Nf3 Nc6 3. Bb5 a6 4. Ba4 Nf6 5. 0-0 Be7 6. Re1 b5 7. Bb3 0-0 8. c3 d6 9. h3 Na5 10. Bc2 c5 11. d4 Qc7 12. Nbd2 cxd4 13. cxd4 Nc6 14. d5 Nb4 15. Bb1 a5 16. a3 Na6 17. b4 Bd7 18. Qb3 axb4 19. axb4 Nc5 20. bxc5 Rxa1 21. c6 Bc8 22. Ba3 Qa5 23. Re3 b4 24. Bb2 Ra4 25. Nc4 Qa7 26. Bc2 Ra6 27. Qxb4 Ne8 28. Ra3 Rxa3 29. Bxa3 g6 30. Bd3 Kg7 31. Bc1 Qc7 32. Be3 Ba6 33. Bb6 Qc8 34. Qa5 Bxc4 35. Bxc4 f6 36. Ba6 Qb8 1-0

[Event "Niedersachsen-ch Seniors op 11th"]
[Site "Bad Bevensen"]
[Date "2008.07.12"]
[Round "5"]
[White "Brueggemann, Hans"]
[Black "Helmsen, Franz"]
[Result "0-1"]
[WhiteElo "1754"]
[BlackElo "1913"]
[PlyCount "50"]
[EventDate "2008.07.08"]
[EventType "swiss"]
[EventRounds "9"]
[EventCountry "GER"]
[SourceTitle "EXT 2022"]
[Source "ChessBase"]
[SourceDate "2021.10.06"]
[SourceVersion "1"]
[SourceVersionDate "2021.10.06"]
[SourceQuality "1"]

1. e4 c5 2. Nf3 d6 3. d4 Nf6 4. Nc3 cxd4 5. Nxd4 a6 6. a4 b6 7. Bd3 Bb7 8. f4 Nbd7 9. 0-0 Qc7 10. Kh1 g6 11. Be3 Bg7 12. Qf3 e5 13. Nde2 0-0 14. Nd5 Nxd5 15. exd5 exf4 16. Nxf4 Bxb2 17. Rab1 Bg7 18. c4 Rab8 19. Qf2 Nc5 20. Qc2 Bc8 21. Be2 Bf5 22. Nd3 Rbe8 23. Bxc5 bxc5 24. Rxf5 gxf5 25. Rf1 Bh6 0-1

[Event "Bayern-ch Seniors 20th"]
[Site "Bergen"]
[Date "2008.06.13"]
[Round "7.8"]
[White "Helmsen, Franz"]
[Black "Villing, Dieter"]
[Result "0-1"]
[WhiteElo "1919"]
[BlackElo "2010"]
[PlyCount "46"]
[EventDate "2008.06.07"]
[EventType "swiss"]
[EventRounds "9"]
[EventCountry "GER"]
[SourceTitle "EXT 2022"]
[Source "ChessBase"]
[SourceDate "2021.10.06"]
[SourceVersion "1"]
[SourceVersionDate "2021.10.06"]
[SourceQuality "1"]

1. d4 f5 2. Nf3 Nf6 3. g3 b6 4. Bg2 Bb7 5. 0-0 e6 6. c4 c5 7. Nc3 cxd4 8. Nxd4 Bxg2 9. Kxg2 Be7 10. Bf4 Nc6 11. Nxc6 dxc6 12. Qxd8+ Rxd8 13. Rad1 Kf7 14. Rxd8 Rxd8 15. Rd1 Rxd1 16. Nxd1 Ne4 17. f3 Nd6 18. b3 Kf6 19. Nf2 g5 20. Bd2 Nb7 21. Bc3+ Kf7 22. Nd3 Bf6 23. Kf2 Bxc3 0-1

[Event "Bayern-ch Seniors 20th"]
[Site "Bergen"]
[Date "2008.06.10"]
[Round "4.20"]
[White "Siegl, Wolfgang"]
[Black "Helmsen, Franz"]
[Result "0-1"]
[WhiteElo "1644"]
[BlackElo "1919"]
[PlyCount "62"]
[EventDate "2008.06.07"]
[EventType "swiss"]
[EventRounds "9"]
[EventCountry "GER"]
[SourceTitle "EXT 2022"]
[Source "ChessBase"]
[SourceDate "2021.10.06"]
[SourceVersion "1"]
[SourceVersionDate "2021.10.06"]
[SourceQuality "1"]

1. d4 Nf6 2. Nf3 e6 3. g3 b6 4. Bg2 Bb7 5. 0-0 Be7 6. c4 0-0 7. d5 exd5 8. Nh4 c6 9. cxd5 Nxd5 10. Nf5 Nc7 11. e4 d5 12. Re1 Bb4 13. Re3 Bc5 14. Rd3 Qf6 15. Rf3 Qd8 16. Rd3 Bc8 17. Qg4 Qf6 18. Rf3 dxe4 19. Nh6+ Qxh6 20. Bxh6 Bxg4 21. Rf4 Be6 22. Bxe4 gxh6 23. Rh4 Kg7 24. a3 Nd5 25. Kg2 Be7 26. Rh5 Bf6 27. f4 Bxb2 28. Ra2 Nf6 29. Rxb2 Nxe4 30. Re2 Bd5 31. Kg1 Nd7 0-1

[Event "Bayern-ch Seniors 20th"]
[Site "Bergen"]
[Date "2008.06.09"]
[Round "3.10"]
[White "Helmsen, Franz"]
[Black "Goy, Udo"]
[Result "0-1"]
[WhiteElo "1919"]
[BlackElo "2107"]
[PlyCount "130"]
[EventDate "2008.06.07"]
[EventType "swiss"]
[EventRounds "9"]
[EventCountry "GER"]
[SourceTitle "EXT 2022"]
[Source "ChessBase"]
[SourceDate "2021.10.06"]
[SourceVersion "1"]
[SourceVersionDate "2021.10.06"]
[SourceQuality "1"]

1. e4 g6 2. d4 Bg7 3. c4 d6 4. Nc3 Nc6 5. Be3 e5 6. dxe5 dxe5 7. Qxd8+ Nxd8 8. Nf3 Ne6 9. 0-0-0 Ne7 10. Nd5 c6 11. Nxe7 Kxe7 12. Bd3 b6 13. Bc2 c5 14. Ba4 Nd4 15. Nd2 Bb7 16. f3 Rhd8 17. Rhe1 Rd6 18. Nb1 a6 19. Nc3 Rb8 20. Nd5+ Bxd5 21. cxd5 b5 22. Bc2 Rd7 23. Kb1 Kd6 24. Rc1 Bf6 25. Bd1 Rc7 26. Bd2 Be7 27. Rf1 f5 28. Be3 Rf8 29. Bc2 Rcc8 30. Rcd1 Kd7 31. Rfe1 Bd6 32. Rc1 f4 33. Bf2 Rce8 34. Rcd1 g5 35. h3 h5 36. Rc1 Rg8 37. Bd1 c4 38. a3 Bc5 39. Rf1 Rc8 40. Be1 Bb6 41. Bc3 a5 42. Bd2 Kd6 43. Bc3 Rc7 44. Rh1 Rb7 45. Bd2 Bd8 46. Rf1 a4 47. Bb4+ Kd7 48. Bc3 Bb6 49. Bb4 Nb3 50. Bxb3 axb3 51. Bc3 Kd6 52. Rh1 Be3 53. Rcd1 Bc5 54. Kc1 Be3+ 55. Kb1 Rd7 56. Bb4+ Bc5 57. Bc3 Ra8 58. Kc1 Be3+ 59. Kb1 Rda7 60. Bb4+ Bc5 61. Bxc5+ Kxc5 62. d6 b4 63. Rd5+ Kc6 64. Rc1 c3 65. bxc3 bxa3 0-1

[Event "Bayern-ch Seniors 20th"]
[Site "Bergen"]
[Date "2008.06.08"]
[Round "2.15"]
[White "Helmsen, Franz"]
[Black "Baumgartner, Andreas"]
[Result "1/2-1/2"]
[WhiteElo "1919"]
[BlackElo "1707"]
[PlyCount "34"]
[EventDate "2008.06.07"]
[EventType "swiss"]
[EventRounds "9"]
[EventCountry "GER"]
[SourceTitle "EXT 2022"]
[Source "ChessBase"]
[SourceDate "2021.10.06"]
[SourceVersion "1"]
[SourceVersionDate "2021.10.06"]
[SourceQuality "1"]

1. e4 c6 2. d4 d5 3. Nc3 dxe4 4. Nxe4 Bf5 5. Ng3 Bg6 6. Bc4 e6 7. N1e2 Bd6 8. Nf4 Nf6 9. 0-0 0-0 10. Nxg6 hxg6 11. Re1 Re8 12. c3 Qc7 13. Bg5 Nbd7 14. Qd2 Nb6 15. Bb3 Nbd5 16. Rad1 b5 17. a3 a6 1/2-1/2

[Event "Hessen-ch Seniors op 04th"]
[Site "Bad Sooden-Allendorf"]
[Date "2008.04.30"]
[Round "7"]
[White "Helmsen, Franz"]
[Black "Van Geffen, Ben"]
[Result "1/2-1/2"]
[WhiteElo "1908"]
[BlackElo "2001"]
[PlyCount "36"]
[EventDate "2008.04.24"]
[EventType "swiss"]
[EventRounds "9"]
[EventCountry "GER"]
[SourceTitle "EXT 2022"]
[Source "ChessBase"]
[SourceDate "2021.10.06"]
[SourceVersion "1"]
[SourceVersionDate "2021.10.06"]
[SourceQuality "1"]

1. e4 e5 2. Nf3 Nc6 3. Bb5 a6 4. Ba4 Nf6 5. Qe2 b5 6. Bb3 Be7 7. c3 0-0 8. 0-0 d5 9. d3 d4 10. Rd1 h6 11. Nbd2 dxc3 12. bxc3 Bc5 13. h3 Qe7 14. Nf1 Rd8 15. Ne3 Na5 16. Bc2 Nc6 17. Bb3 Na5 18. Bc2 Nc6 1/2-1/2

[Event "Hessen-ch Seniors op 04th"]
[Site "Bad Sooden-Allendorf"]
[Date "2008.04.27"]
[Round "4"]
[White "Huhn, Ulrich"]
[Black "Helmsen, Franz"]
[Result "1/2-1/2"]
[WhiteElo "1719"]
[BlackElo "1908"]
[PlyCount "27"]
[EventDate "2008.04.24"]
[EventType "swiss"]
[EventRounds "9"]
[EventCountry "GER"]
[SourceTitle "EXT 2022"]
[Source "ChessBase"]
[SourceDate "2021.10.06"]
[SourceVersion "1"]
[SourceVersionDate "2021.10.06"]
[SourceQuality "1"]

1. d4 Nf6 2. Nc3 d5 3. Bg5 Bf5 4. e3 Nbd7 5. Bd3 Bxd3 6. Qxd3 c6 7. Nf3 e6 8. e4 dxe4 9. Nxe4 Be7 10. Nxf6+ Bxf6 11. Bxf6 Qxf6 12. 0-0 0-0 13. Rad1 Rad8 14. Qe4 1/2-1/2

[Event "Hessen-ch Seniors op 04th"]
[Site "Bad Sooden-Allendorf"]
[Date "2008.04.26"]
[Round "3"]
[White "Helmsen, Franz"]
[Black "Augustat, Siegfried"]
[Result "1-0"]
[WhiteElo "1908"]
[BlackElo "1688"]
[PlyCount "107"]
[EventDate "2008.04.24"]
[EventType "swiss"]
[EventRounds "9"]
[EventCountry "GER"]
[SourceTitle "EXT 2022"]
[Source "ChessBase"]
[SourceDate "2021.10.06"]
[SourceVersion "1"]
[SourceVersionDate "2021.10.06"]
[SourceQuality "1"]

1. e4 e5 2. Nf3 Nc6 3. Bb5 a6 4. Ba4 Nf6 5. d3 d6 6. c3 Be7 7. 0-0 0-0 8. Re1 b5 9. Bb3 Na5 10. Bc2 c5 11. Nbd2 Nc6 12. Nf1 Bg4 13. h3 Bd7 14. Ng3 Qc8 15. Kh2 a5 16. a4 b4 17. Bb3 Be6 18. Bxe6 Qxe6 19. d4 cxd4 20. cxd4 Nxd4 21. Nxd4 exd4 22. Qxd4 Qe5 23. Be3 Rfc8 24. Rac1 Nd7 25. b3 Nc5 26. Qxe5 dxe5 27. Nf5 Bf8 28. Bxc5 Bxc5 29. Rc2 Bf8 30. Rec1 Rxc2 31. Rxc2 g6 32. Ne3 f6 33. Nd5 Bg7 34. Rc6 Kf7 35. Rc7+ Kf8 36. f3 Kg8 37. Kg1 Kf8 38. Kf1 f5 39. Ke2 fxe4 40. fxe4 Kg8 41. Kd3 h5 42. Ke2 Kh8 43. Nb6 Ra6 44. Nc4 Ra8 45. Rc5 Rd8 46. Rd5 Rxd5 47. exd5 Kg8 48. Ke3 Kf7 49. Nxa5 Bh6+ 50. Ke4 Bf4 51. Nc4 Kf6 52. a5 Bh2 53. a6 Bg1 54. Ne3 1-0

[Event "Hessen-ch Seniors op 04th"]
[Site "Bad Sooden-Allendorf"]
[Date "2008.04.25"]
[Round "2"]
[White "Helmsen, Franz"]
[Black "Donchenko, Anatoly G"]
[Result "0-1"]
[WhiteElo "1908"]
[BlackElo "2343"]
[PlyCount "76"]
[EventDate "2008.04.24"]
[EventType "swiss"]
[EventRounds "9"]
[EventCountry "GER"]
[SourceTitle "EXT 2022"]
[Source "ChessBase"]
[SourceDate "2021.10.06"]
[SourceVersion "1"]
[SourceVersionDate "2021.10.06"]
[SourceQuality "1"]

1. e4 c5 2. Nf3 e6 3. d4 cxd4 4. Nxd4 Nf6 5. Nc3 d6 6. Be3 a6 7. Be2 Qc7 8. 0-0 b5 9. a3 Bb7 10. f3 Nbd7 11. Qd2 Be7 12. Rad1 0-0 13. Kh1 Rac8 14. Bf2 Ne5 15. Qe3 Rfe8 16. Rd2 h6 17. Rfd1 Nc4 18. Bxc4 Qxc4 19. Nb3 Qc7 20. Qb6 Qxb6 21. Bxb6 Nd7 22. Bd4 f6 23. Kg1 Ne5 24. Na5 Ba8 25. f4 Nc4 26. Nxc4 Rxc4 27. e5 dxe5 28. fxe5 f5 29. Kf1 Rd8 30. Be3 Rxd2 31. Bxd2 Kf7 32. Re1 Bd5 33. Re2 g5 34. Be1 h5 35. h3 Bc6 36. Na2 Rf4+ 37. Rf2 Re4 38. Nc3 Rxe5 0-1

[Event "Hessen-ch Seniors op 04th"]
[Site "Bad Sooden-Allendorf"]
[Date "2008.04.24"]
[Round "1"]
[White "Kleist, Werner"]
[Black "Helmsen, Franz"]
[Result "0-1"]
[WhiteElo "1310"]
[BlackElo "1908"]
[PlyCount "68"]
[EventDate "2008.04.24"]
[EventType "swiss"]
[EventRounds "9"]
[EventCountry "GER"]
[SourceTitle "EXT 2022"]
[Source "ChessBase"]
[SourceDate "2021.10.06"]
[SourceVersion "1"]
[SourceVersionDate "2021.10.06"]
[SourceQuality "1"]

1. b4 d5 2. Bb2 Nf6 3. Nf3 e6 4. a3 c5 5. bxc5 Bxc5 6. d4 Bd6 7. e3 Nc6 8. Bb5 Bd7 9. 0-0 Rc8 10. Nbd2 0-0 11. c4 a6 12. Ba4 Bb8 13. cxd5 exd5 14. Bb3 Re8 15. Rc1 Qe7 16. Ba2 b5 17. Nb3 Qd6 18. Ne5 Ng4 19. g3 Ncxe5 20. dxe5 Nxe5 21. Nd4 Bh3 22. Re1 Nc4 23. Bb1 Nxb2 24. Qh5 Qh6 25. Qxd5 Nc4 26. Ba2 Rcd8 27. Qf3 Ne5 28. Qe2 Qf6 29. Bb1 Bg4 30. f3 Bxf3 31. Qc2 Qg6 32. Qf2 Qh5 33. Rc5 Bg4 34. Nc6 Nf3+ 0-1

[Event "Niedersachsen-ch Seniors 42th"]
[Site "Sottrum"]
[Date "2008.04.16"]
[Round "7"]
[White "Niebuhr, Gerd"]
[Black "Helmsen, Franz"]
[Result "1/2-1/2"]
[WhiteElo "1949"]
[BlackElo "1908"]
[PlyCount "34"]
[EventDate "2008.04.10"]
[EventType "swiss"]
[EventRounds "9"]
[EventCountry "GER"]
[SourceTitle "EXT 2022"]
[Source "ChessBase"]
[SourceDate "2021.10.06"]
[SourceVersion "1"]
[SourceVersionDate "2021.10.06"]
[SourceQuality "1"]

1. d4 Nf6 2. c4 e6 3. Nf3 b6 4. a3 Bb7 5. Nc3 d5 6. cxd5 Nxd5 7. Qc2 Be7 8. e4 Nxc3 9. bxc3 Nd7 10. Bd3 c5 11. 0-0 cxd4 12. cxd4 0-0 13. Bf4 Rc8 14. Qe2 Re8 15. Bb5 Rf8 16. Rfc1 Nf6 17. Bd3 Qd7 1/2-1/2

[Event "Niedersachsen-ch Seniors op 10th"]
[Site "Bad Bevensen"]
[Date "2007.07.08"]
[Round "6"]
[White "Helmsen, Franz"]
[Black "Raedeker, Bernd"]
[Result "1/2-1/2"]
[WhiteElo "1934"]
[BlackElo "2155"]
[PlyCount "55"]
[EventDate "2007.07.03"]
[EventType "swiss"]
[EventRounds "9"]
[EventCountry "GER"]
[SourceTitle "EXT 2022"]
[Source "ChessBase"]
[SourceDate "2021.10.06"]
[SourceVersion "1"]
[SourceVersionDate "2021.10.06"]
[SourceQuality "1"]

1. e4 e6 2. d4 d5 3. Nc3 Nf6 4. e5 Nfd7 5. f4 c5 6. Nf3 Nc6 7. Be3 a6 8. Qd2 cxd4 9. Nxd4 Bc5 10. Be2 Nxd4 11. Bxd4 b5 12. Bxc5 Nxc5 13. Qd4 Qe7 14. a3 0-0 15. 0-0 Bb7 16. Bf3 Rac8 17. Rad1 Nd7 18. Be2 f6 19. exf6 Nxf6 20. Rd2 Kh8 21. g3 Bc6 22. Bd3 Bd7 23. Re1 Qc5 24. Ne2 Qc7 25. Qe5 Qxe5 26. fxe5 Ne8 27. Nd4 Nc7 28. c3 1/2-1/2

[Event "Niedersachsen-ch Seniors op 10th"]
[Site "Bad Bevensen"]
[Date "2007.07.06"]
[Round "4"]
[White "Helmsen, Franz"]
[Black "Hellwege, Werner"]
[Result "1/2-1/2"]
[WhiteElo "1934"]
[BlackElo "1884"]
[PlyCount "27"]
[EventDate "2007.07.03"]
[EventType "swiss"]
[EventRounds "9"]
[EventCountry "GER"]
[SourceTitle "EXT 2022"]
[Source "ChessBase"]
[SourceDate "2021.10.06"]
[SourceVersion "1"]
[SourceVersionDate "2021.10.06"]
[SourceQuality "1"]

1. e4 c5 2. Nf3 d6 3. d4 cxd4 4. Nxd4 Nf6 5. Nc3 a6 6. Bg5 e6 7. f4 Be7 8. Qf3 Qc7 9. 0-0-0 Nbd7 10. g4 b5 11. Bxf6 gxf6 12. Bd3 Bb7 13. Rhe1 Rc8 14. Nb1 1/2-1/2

[Event "Niedersachsen-ch Seniors op 10th"]
[Site "Bad Bevensen"]
[Date "2007.07.03"]
[Round "1"]
[White "Smits, Oswald"]
[Black "Helmsen, Franz"]
[Result "0-1"]
[WhiteElo "1712"]
[BlackElo "1934"]
[PlyCount "56"]
[EventDate "2007.07.03"]
[EventType "swiss"]
[EventRounds "9"]
[EventCountry "GER"]
[SourceTitle "EXT 2022"]
[Source "ChessBase"]
[SourceDate "2021.10.06"]
[SourceVersion "1"]
[SourceVersionDate "2021.10.06"]
[SourceQuality "1"]

1. d4 Nf6 2. c4 e6 3. Nf3 b6 4. g3 Bb7 5. Bg2 Be7 6. 0-0 0-0 7. Nc3 Ne4 8. Nxe4 Bxe4 9. Ne1 Bxg2 10. Nxg2 a5 11. b3 d6 12. Bb2 Nd7 13. Rc1 Nf6 14. Qd3 Qd7 15. Rfd1 Rac8 16. Ne1 Qc6 17. e3 Rfd8 18. Qb1 Nd7 19. Nd3 Bf6 20. Qa1 Nf8 21. Nf4 Be7 22. Nd3 Ng6 23. Rc2 Bf6 24. Re1 Ne7 25. Nf4 g6 26. Nd3 Nd5 27. cxd5 Qxc2 28. Nf4 Qe4 0-1

[Event "Hessen-ch Seniors op 03rd"]
[Site "Bad Sooden-Allendorf"]
[Date "2007.05.03"]
[Round "6"]
[White "Rapoport, Vladimir"]
[Black "Helmsen, Franz"]
[Result "1-0"]
[WhiteElo "2115"]
[BlackElo "1921"]
[PlyCount "39"]
[EventDate "2007.04.27"]
[EventType "swiss"]
[EventRounds "9"]
[EventCountry "GER"]
[SourceTitle "EXT 2022"]
[Source "ChessBase"]
[SourceDate "2021.10.06"]
[SourceVersion "1"]
[SourceVersionDate "2021.10.06"]
[SourceQuality "1"]

1. c4 e5 2. Nc3 Nf6 3. e4 d6 4. d3 g6 5. Be2 Bg7 6. h4 Nc6 7. h5 h6 8. hxg6 fxg6 9. Nf3 Be6 10. Nd5 Ne7 11. Nxf6+ Bxf6 12. Rxh6 Rxh6 13. Bxh6 Ng8 14. Be3 Qd7 15. Ng5 Bxg5 16. Bxg5 Ne7 17. d4 c6 18. d5 Bf7 19. Bg4 Qc7 20. Qf3 1-0

[Event "Hessen-ch Seniors op 03rd"]
[Site "Bad Sooden-Allendorf"]
[Date "2007.05.01"]
[Round "4"]
[White "Helmsen, Franz"]
[Black "Hartmann, Rudi"]
[Result "1-0"]
[WhiteElo "1921"]
[BlackElo "1729"]
[PlyCount "71"]
[EventDate "2007.04.27"]
[EventType "swiss"]
[EventRounds "9"]
[EventCountry "GER"]
[SourceTitle "EXT 2022"]
[Source "ChessBase"]
[SourceDate "2021.10.06"]
[SourceVersion "1"]
[SourceVersionDate "2021.10.06"]
[SourceQuality "1"]

1. e4 e5 2. Nf3 Nf6 3. Nc3 d6 4. d4 exd4 5. Nxd4 Be7 6. Be2 0-0 7. 0-0 Bd7 8. Be3 Nc6 9. f3 Nxd4 10. Bxd4 Bc6 11. Qd2 a6 12. Rad1 Qc8 13. a3 b5 14. Be3 Qb7 15. Kh1 Rad8 16. Bg5 Rfe8 17. Bd3 Nd7 18. Bxe7 Rxe7 19. Qg5 Rde8 20. Ne2 Ne5 21. Nd4 Bd7 22. Be2 Qc8 23. c3 Nc6 24. Nc2 Re5 25. Qg3 Qb8 26. Bd3 R5e7 27. Ne3 Be6 28. f4 f6 29. Bc2 Qc8 30. Qh4 h6 31. Rf2 Bd7 32. Rf3 Kh8 33. Nd5 Rf7 34. Qh5 Rff8 35. Qg6 Be6 36. e5 1-0

[Event "Mecklenburg VP-ch Seniors op 06th"]
[Site "Plau am See"]
[Date "2006.10.11"]
[Round "8"]
[White "Janssen, Helmut"]
[Black "Helmsen, Franz"]
[Result "1/2-1/2"]
[WhiteElo "1837"]
[BlackElo "1971"]
[PlyCount "56"]
[EventDate "2006.10.04"]
[EventType "swiss"]
[EventRounds "9"]
[EventCountry "GER"]
[SourceTitle "EXT 2022"]
[Source "ChessBase"]
[SourceDate "2021.10.06"]
[SourceVersion "1"]
[SourceVersionDate "2021.10.06"]
[SourceQuality "1"]

1. e4 c5 2. Nf3 d6 3. d4 Nf6 4. Nc3 cxd4 5. Nxd4 a6 6. Be3 e6 7. f3 b5 8. Qd2 Nbd7 9. g4 Bb7 10. 0-0-0 b4 11. Na4 d5 12. g5 Nh5 13. Bd3 g6 14. Kb1 Qa5 15. b3 e5 16. Ne2 d4 17. Bf2 Bc6 18. Nb2 Qc7 19. Bg3 a5 20. Rhg1 a4 21. Nc4 Bc5 22. f4 Nxg3 23. Rxg3 axb3 24. cxb3 Qb7 25. Nxe5 Nxe5 26. fxe5 Bxe4 27. Qf4 Bxd3+ 28. Rgxd3 Qa6 1/2-1/2

[Event "Mecklenburg VP-ch Seniors op 06th"]
[Site "Plau am See"]
[Date "2006.10.10"]
[Round "7"]
[White "Helmsen, Franz"]
[Black "Peleikis, Horst"]
[Result "1/2-1/2"]
[WhiteElo "1971"]
[BlackElo "1928"]
[PlyCount "62"]
[EventDate "2006.10.04"]
[EventType "swiss"]
[EventRounds "9"]
[EventCountry "GER"]
[SourceTitle "EXT 2022"]
[Source "ChessBase"]
[SourceDate "2021.10.06"]
[SourceVersion "1"]
[SourceVersionDate "2021.10.06"]
[SourceQuality "1"]

1. e4 c5 2. Nf3 d6 3. d4 cxd4 4. Nxd4 Nf6 5. Nc3 g6 6. Be3 Bg7 7. f3 a6 8. Qd2 Nbd7 9. g4 Ne5 10. g5 Nh5 11. Bf2 b5 12. 0-0-0 Nc4 13. Bxc4 bxc4 14. Nd5 Bd7 15. Ne2 Rb8 16. Bd4 0-0 17. Bxg7 Nxg7 18. h4 Be6 19. Qc3 Bxd5 20. Rxd5 Qb6 21. Rhd1 Rb7 22. Kb1 Rfb8 23. b3 cxb3 24. axb3 a5 25. Qxa5 Ne6 26. Qxb6 Rxb6 27. Nc3 Nc5 28. R5d4 R6b7 29. Na4 Rb4 30. Rxb4 Rxb4 31. Nxc5 dxc5 1/2-1/2

[Event "Mecklenburg VP-ch Seniors op 06th"]
[Site "Plau am See"]
[Date "2006.10.08"]
[Round "5"]
[White "Helmsen, Franz"]
[Black "Lieb, Harald"]
[Result "0-1"]
[WhiteElo "1971"]
[BlackElo "2203"]
[PlyCount "78"]
[EventDate "2006.10.04"]
[EventType "swiss"]
[EventRounds "9"]
[EventCountry "GER"]
[SourceTitle "EXT 2022"]
[Source "ChessBase"]
[SourceDate "2021.10.06"]
[SourceVersion "1"]
[SourceVersionDate "2021.10.06"]
[SourceQuality "1"]

1. e4 e6 2. d4 d5 3. Nc3 Nf6 4. Bg5 dxe4 5. Nxe4 Be7 6. Bxf6 gxf6 7. Nf3 a6 8. a4 b6 9. Bd3 Bb7 10. c3 Nd7 11. Qe2 Nf8 12. a5 Ng6 13. g3 f5 14. Ned2 Qc8 15. axb6 cxb6 16. Rg1 h5 17. Nc4 Qc7 18. Nce5 Nxe5 19. Qxe5 Qxe5+ 20. Nxe5 h4 21. Ke2 hxg3 22. hxg3 Bd6 23. Nf3 Ke7 24. Rh1 f4 25. gxf4 Bxf4 26. Rxh8 Rxh8 27. Nd2 a5 28. Nc4 Bc7 29. Rg1 Rh3 30. Nd2 Kf8 31. Be4 Ba6+ 32. Ke1 Rh4 33. Rh1 Rg4 34. Bf3 Rg5 35. Be2 Bb7 36. Bf3 Bxf3 37. Nxf3 Rb5 38. Rh7 Kg8 39. Rh5 Rxh5 0-1

[Event "Mecklenburg VP-ch Seniors op 06th"]
[Site "Plau am See"]
[Date "2006.10.07"]
[Round "4"]
[White "Meier, Wolfgang"]
[Black "Helmsen, Franz"]
[Result "1/2-1/2"]
[WhiteElo "2088"]
[BlackElo "1971"]
[PlyCount "134"]
[EventDate "2006.10.04"]
[EventType "swiss"]
[EventRounds "9"]
[EventCountry "GER"]
[SourceTitle "EXT 2022"]
[Source "ChessBase"]
[SourceDate "2021.10.06"]
[SourceVersion "1"]
[SourceVersionDate "2021.10.06"]
[SourceQuality "1"]

1. c4 Nf6 2. Nc3 e5 3. g3 Bb4 4. Bg2 0-0 5. Qb3 Bxc3 6. bxc3 Nc6 7. Nf3 d6 8. 0-0 Re8 9. d3 h6 10. a4 Rb8 11. a5 Be6 12. Qc2 Qd7 13. Rd1 Bh3 14. Bh1 Bg4 15. Be3 Bh3 16. Rdb1 b6 17. axb6 axb6 18. Rb2 Ng4 19. Bd2 Na5 20. Be1 e4 21. Nd4 exd3 22. exd3 Ne5 23. f4 Nec6 24. Bf2 Bg4 25. Nxc6 Nxc6 26. Qa4 Na5 27. Qxd7 Bxd7 28. Bg2 Bf5 29. Bf1 Be6 30. h3 h5 31. Kh2 g6 32. Be2 f5 33. Bf3 Kf7 34. Bd4 Bd7 35. Bd5+ Be6 36. Bf3 Bd7 37. Kg1 Bc6 38. Be2 Ra8 39. Raa2 Nb7 40. Kf2 Rxa2 41. Rxa2 Na5 42. Bd1 Bb7 43. Ra1 Ra8 44. Be3 Nc6 45. Rxa8 Bxa8 46. g4 hxg4 47. hxg4 Na5 48. Kg3 Bc6 49. Kh4 Bd7 50. g5 Be6 51. Kg3 Nb7 52. Kf2 Nc5 53. Ke2 Bd7 54. Kd2 Bc6 55. Bxc5 bxc5 56. d4 cxd4 57. cxd4 Be4 58. Ba4 Ke7 59. c5 Bd5 60. Kc3 dxc5 61. dxc5 Bf7 62. Kd4 Ba2 63. Ke5 Bc4 64. Bc6 Bb3 65. Bb5 Bc2 66. Bc4 Bb1 67. Bd5 Bc2 1/2-1/2